| 000 | 00730nam a22002057a 4500 | ||
|---|---|---|---|
| 999 |
_c148 _d148 |
||
| 003 | AR-CdUCM | ||
| 008 | 190221b ||||| |||| 00| 0 spa d | ||
| 040 |
_aMUNICIPALIDAD PROVINCIAL DEL CUSCO _cBIBLIOTECA MUNICIPAL DEL CUSCO |
||
| 082 |
_a868.2 / _bV77 |
||
| 100 |
_aVives, Juan Luis _9704 |
||
| 245 |
_aDiálogos : _bLa Vida y las Obras de Juan Luis Vives / |
||
| 260 |
_aEspaña : _bEdit.Iberia, _c1957 |
||
| 300 |
_a214 paginas ; _c19 cm. |
||
| 505 | _aDespertar matutino --Una lección --El camino y el caballo --Los habladores --La cocina ... | ||
| 650 |
_aRepresentación de vida. _9705 |
||
| 650 |
_aCreador de ideas. _9706 |
||
| 650 |
_aHumanismo renacentista. _9707 |
||
| 942 |
_2ddc _cLIBROS |
||
| 945 |
_arjall _d2019-02-21 |
||